Half-Life: The G-Man quote - Statistics

General Stats
  • This quiz has been taken 561 times
  • The average score is 61 of 78
Answer Stats
Hint Answer % Correct
a
97%
Freeman
96%
Freeman
96%
I
96%
, Mister
96%
, mister
96%
the
94%
the
94%
the
94%
. The
94%
the
94%
the
94%
the
94%
the
94%
and
93%
and
93%
. And
93%
and
93%
, wake
90%
. Wake
90%
Rise
89%
, rise
89%
shine
89%
shine
89%
up
89%
up
89%
you
86%
ashes
85%
smell
85%
in
84%
in
84%
in
84%
. No
83%
on
80%
all
79%
all
79%
that
79%
that
79%
job
78%
to
78%
to
78%
world
78%
world
78%
man
77%
. Not
76%
sleeping
76%
. So
76%
can
75%
have
75%
have
75%
right
75%
make
74%
place
74%
wrong
74%
difference
73%
been
72%
is
71%
imply
70%
of
70%
one
70%
rest
69%
more
67%
deserving
66%
wish
64%
would
64%
waste
62%
come
61%
effort
61%
gone
61%
your
61%
again
60%
has
60%
say
58%
, let's
56%
... well
56%
just
55%
hour
52%
until
43%
No matching quizzes found
Score Distribution
Percent of People with Each Score
Percentile by Number Answered
Your Score History
You have not taken this quiz